|
|
|
|
| LEADER |
00952nam a2200217 a 4500 |
| 001 |
3714431 |
| 008 |
091012s1977 bg b 000 0 eng d |
| 010 |
|
|
|a 79900340
|
| 040 |
|
|
|a DLC
|c DLC
|d DLC
|
| 082 |
0 |
0 |
|a 376/.9/095492
|2 19
|
| 100 |
1 |
|
|a Islam, Shamima.
|
| 245 |
1 |
0 |
|a Women's education in Bangladesh :
|b needs and issues /
|c by Shamima Islam.
|
| 260 |
|
|
|a Dacca :
|b Foundation for Research on Educational Planning and Development,
|c 1977.
|
| 300 |
|
|
|a iv, 145 p. ;
|c 29 cm.
|
| 504 |
|
|
|a Includes Bibliography (p. [143]-145.)
|
| 541 |
1 |
|
|e 00001411
|
| 650 |
|
0 |
|a Women
|x Education
|z Bangladesh.
|
| 710 |
2 |
|
|a Foundation for Research on Educational Planning and Development (Bangladesh)
|
| 852 |
4 |
|
|a Ayesha Abed Library
|j General shelf
|
| 999 |
|
|
|c 8284
|d 8284
|
| 952 |
|
|
|0 0
|1 0
|2 ddc
|4 0
|6 376_909549200000000_ISL_1977
|7 0
|9 9523
|a BRACUL
|b BRACUL
|c GEN
|d 2010-04-28
|g 0.00
|l 1
|m 2
|o 376.9095492 ISL
|p 3010001411
|r 2019-08-05
|s 2019-07-28
|t 1
|w 2010-04-28
|y BK
|z Not price in Register
|